000 00518nam a22001937a 4500
003 KOHA_MİRAKIL
005 20251124072430.0
008 251124b tu ||||| |||| 00| 0 tur d
020 _a9786051980089
040 _aTR-AnABB
_btur
_cTR-AnABB
041 _atur
082 _a530.02
_bCZE 2017
100 1 _aCzerski, Helen,
245 1 0 _aFincandaki fırtına /
_cHelen Czerski
260 _aİstanbul :
_bDomingo Yayınevi,
_c2017
300 _a286 sayfa ;
_c21 cm
650 0 4 _aFizik
942 _2ddc
_cBK
999 _c9573
_d9573
900 _bGizem YORULMAZ